[Event "Belgrade Premier League"]
[Site "Belgrade"]
[Date "2021.10.04"]
[Round "4.3"]
[White "Antic, Dejan"]
[Black "Popovic, Aleksandar M"]
[Result "1-0"]
[WhiteElo "2469"]
[BlackElo "2209"]
[PlyCount "59"]
[EventDate "2021.10.01"]
[EventType "team-tourn"]
[EventRounds "11"]
[EventCountry "SRB"]
[SourceTitle "CBM 204 Extra"]
[Source "ChessBase"]
[SourceDate "2021.11.30"]
[SourceVersion "1"]
[SourceVersionDate "2021.11.30"]
[SourceQuality "1"]
[WhiteTeam "Belgrade Crvena Zvezda"]
[BlackTeam "Belgrade Tehnicka Skola"]
[WhiteTeamCountry "SRB"]
[BlackTeamCountry "SRB"]

1. d4 Nf6 2. c4 g6 3. Nc3 Bg7 4. e4 d6 5. Nf3 0-0 6. Be2 e5 7. 0-0 c6 8. Be3 Ng4 9. Bg5 f6 10. Bh4 Na6 11. h3 Nh6 12. Qd2 Nf7 13. Rad1 Qe7 14. c5 dxc5 15. dxe5 Nc7 16. exf6 Bxf6 17. Bxf6 Qxf6 18. Qe3 Ne6 19. Bc4 Kh8 20. e5 Qg7 21. Rfe1 g5 22. Qe4 h5 23. a4 g4 24. Nh4 Nfg5 25. Qg6 gxh3 26. Qxh5+ Kg8 27. Rd3 Qf7 28. Qg6+ Kh8 29. Qh6+ Kg8 30. Rg3 1-0

[Event "Belgrade Trophy 33rd"]
[Site "Belgrade"]
[Date "2019.12.01"]
[Round "8"]
[White "Antic, Dejan"]
[Black "Velickovic, Sasa"]
[Result "1-0"]
[WhiteElo "2463"]
[BlackElo "2293"]
[PlyCount "67"]
[EventDate "2019.11.24"]
[EventType "swiss"]
[EventRounds "9"]
[EventCountry "SRB"]
[SourceTitle "CBM 193 Extra"]
[Source "ChessBase"]
[SourceDate "2020.01.31"]
[SourceVersion "1"]
[SourceVersionDate "2020.01.31"]
[SourceQuality "1"]

1. d4 g6 2. c4 Bg7 3. Nf3 d6 4. e4 Bg4 5. Be2 Nc6 6. Nbd2 Nf6 7. d5 Nb8 8. 0-0 0-0 9. Rb1 a5 10. b3 Na6 11. Bb2 Nc5 12. Nd4 Bd7 13. Qc2 c6 14. Rfe1 e5 15. dxe6 Nxe6 16. Rbd1 Nc5 17. Bf1 Qb6 18. N4f3 a4 19. Bd4 Ng4 20. Qc3 Bxd4 21. Qxd4 axb3 22. axb3 Be6 23. h3 Nh6 24. Qxd6 Nxb3 25. Nxb3 Qxb3 26. Nd4 Qb2 27. Rb1 Qa2 28. Qf4 Kg7 29. Nxe6+ fxe6 30. Rxb7+ Nf7 31. e5 Kg8 32. Qf6 Qd2 33. Reb1 Qd4 34. Qxe6 1-0

[Event "Belgrade Trophy 33rd"]
[Site "Belgrade"]
[Date "2019.11.27"]
[Round "4"]
[White "Antic, Dejan"]
[Black "Zivkovic, Sava"]
[Result "1/2-1/2"]
[WhiteElo "2463"]
[BlackElo "2296"]
[PlyCount "142"]
[EventDate "2019.11.24"]
[EventType "swiss"]
[EventRounds "9"]
[EventCountry "SRB"]
[SourceTitle "CBM 193 Extra"]
[Source "ChessBase"]
[SourceDate "2020.01.31"]
[SourceVersion "1"]
[SourceVersionDate "2020.01.31"]
[SourceQuality "1"]

1. d4 Nf6 2. c4 g6 3. Nc3 d5 4. cxd5 Nxd5 5. Bd2 Bg7 6. e4 Nb6 7. Be3 0-0 8. h3 e5 9. dxe5 Bxe5 10. Nf3 Bg7 11. Qc2 Nc6 12. Rd1 Qe7 13. Be2 Re8 14. 0-0 Nb4 15. Qb1 Be6 16. Nd4 Bc4 17. a3 Bxe2 18. Ndxe2 Nc6 19. Nd5 Nxd5 20. exd5 Ne5 21. Qc2 Qd7 22. Qb3 b5 23. Bd4 Nc4 24. Bxg7 Kxg7 25. Nd4 a6 26. a4 Nd6 27. Qc3 Kg8 28. Nc6 Ne4 29. Qd4 Qd6 30. Rfe1 Nf6 31. axb5 axb5 32. f4 Nh5 33. f5 Ng3 34. fxg6 hxg6 35. Qf2 Ne4 36. Qe3 Qc5 37. Qxc5 Nxc5 38. Nd4 Rxe1+ 39. Rxe1 Rb8 40. Re7 Na6 41. Nc6 Ra8 42. Kh2 Kf8 43. Rd7 Ke8 44. Ne5 Nb4 45. Rxc7 Nxd5 46. Rc5 Ne3 47. Rxb5 Ra1 48. Kg3 Rf1 49. Ng4 Nf5+ 50. Kh2 Rd1 51. Ne3 Nxe3 52. Re5+ Kf8 53. Rxe3 Rd2 54. b3 f5 55. h4 Kg7 56. Kg3 Rd4 57. Rc3 Kh6 58. Kh3 Kh5 59. g3 g5 60. hxg5 Kxg5 61. Rc4 Rd3 62. Rb4 Rc3 63. Rb5 Rd3 64. Kg2 Kg4 65. Rb4+ Kg5 66. Kf2 Rc3 67. Rb8 f4 68. gxf4+ Kxf4 69. Ke2 Ke5 70. Kd2 Rc7 71. Rd8 Rc5 1/2-1/2

[Event "Belgrade-chT"]
[Site "Belgrade"]
[Date "2019.10.02"]
[Round "9.1"]
[White "Cabrilo, Goran"]
[Black "Antic, Dejan"]
[Result "1/2-1/2"]
[WhiteElo "2369"]
[BlackElo "2463"]
[PlyCount "26"]
[EventDate "2019.09.23"]
[EventType "team-tourn"]
[EventRounds "11"]
[EventCountry "SRB"]
[SourceTitle "EXT 2020"]
[Source "ChessBase"]
[SourceDate "2019.10.17"]
[SourceVersion "1"]
[SourceVersionDate "2019.10.17"]
[SourceQuality "1"]
[WhiteTeam "Belgrade"]
[BlackTeam "Crvena Zvezda"]
[WhiteTeamCountry "SRB"]
[BlackTeamCountry "SRB"]

1. e4 e6 2. d3 c5 3. g3 Nc6 4. Bg2 g6 5. Nf3 Bg7 6. 0-0 Nge7 7. c3 e5 8. a3 a5 9. a4 0-0 10. Na3 d6 11. Nd2 Be6 12. Ndc4 Rb8 13. Re1 d5 1/2-1/2

[Event "Belgrade-chT"]
[Site "Belgrade"]
[Date "2019.09.27"]
[Round "5.1"]
[White "Popovic, Aleksandar M"]
[Black "Antic, Dejan"]
[Result "0-1"]
[WhiteElo "2194"]
[BlackElo "2463"]
[PlyCount "76"]
[EventDate "2019.09.23"]
[EventType "team-tourn"]
[EventRounds "11"]
[EventCountry "SRB"]
[SourceTitle "EXT 2020"]
[Source "ChessBase"]
[SourceDate "2019.10.17"]
[SourceVersion "1"]
[SourceVersionDate "2019.10.17"]
[SourceQuality "1"]
[WhiteTeam "Belgrade PTT"]
[BlackTeam "Crvena Zvezda"]
[WhiteTeamCountry "SRB"]
[BlackTeamCountry "SRB"]

1. Nf3 Nf6 2. g3 c5 3. Bg2 d5 4. 0-0 g6 5. c4 d4 6. e3 Bg7 7. Qa4+ Nfd7 8. exd4 cxd4 9. b4 0-0 10. Bb2 e5 11. c5 a5 12. a3 b5 13. Qb3 Ra6 14. d3 Nc6 15. Nbd2 Nf6 16. Rfe1 Qc7 17. bxa5 Rxa5 18. Ng5 h6 19. Nge4 Be6 20. Nxf6+ Bxf6 21. Bd5 Bxd5 22. Qxd5 Rd8 23. Qb3 Kg7 24. Ne4 Be7 25. g4 Qd7 26. h3 Qd5 27. Qc2 Ra6 28. Qe2 Bxc5 29. Rf1 Bd6 30. Rac1 f5 31. gxf5 gxf5 32. Ng3 Rf8 33. Qh5 Ne7 34. Kh2 Qf7 35. Rg1 Kh7 36. Kh1 Ng6 37. Qf3 Nh4 38. Qh5 Qb7+ 0-1